High redshift and primeval galaxies / (Record no. 29009)
[ view plain ]
| 000 -LEADER | |
|---|---|
| fixed length control field | 00632 a2200169 4500 |
| 020 ## - INTERNATIONAL STANDARD BOOK NUMBER | |
| International Standard Book Number | 2863320513 |
| 020 ## - INTERNATIONAL STANDARD BOOK NUMBER | |
| International Standard Book Number | 9782863320518 |
| 100 ## - MAIN ENTRY--PERSONAL NAME | |
| Personal name | Bergeron, J. |
| 245 00 - TITLE STATEMENT | |
| Title | High redshift and primeval galaxies / |
| Remainder of title | J. Bergeron, D. Kunth, B. Rocca-Volmerange and J. Tran Thanh Van |
| 260 ## - PUBLICATION, DISTRIBUTION, ETC. | |
| Place of publication, distribution, etc. | [S.l.] : |
| Name of publisher, distributor, etc. | Editions Frontieres, |
| Date of publication, distribution, etc. | 1987. |
| 300 ## - PHYSICAL DESCRIPTION | |
| Extent | 526 p. ; |
| Dimensions | 27 cm. |
| 490 1# - SERIES STATEMENT | |
| Series statement | Iap astrophysics meeting. |
| 700 ## - ADDED ENTRY--PERSONAL NAME | |
| Relator code | Bergeron, J. |
| 830 #0 - SERIES ADDED ENTRY--UNIFORM TITLE | |
| Uniform title | Iap astrophysics meeting. |
| 942 ## - ADDED ENTRY ELEMENTS (KOHA) | |
| Institution code [OBSOLETE] | SNS |
| Koha item type | Book |
| Call number prefix | 523.112 BER |
| Withdrawn status | Lost status | Damaged status | Not for loan | Permanent Location | Current Location | Date acquired | Total Checkouts | Full call number | Barcode | Date last seen | Price effective from | Koha item type |
|---|---|---|---|---|---|---|---|---|---|---|---|---|
| School of Natural Sciences (SNS) | School of Natural Sciences (SNS) | 05/26/2016 | 523.112 BER | SNS0000297 | 05/26/2016 | 05/26/2016 | Book |
